| 000 | 00625nam a2200157Ia 4500 | ||
|---|---|---|---|
| 008 | 231221s9999 xx 000 0 und d | ||
| 020 | _a978-3-540-73940-1 | ||
| 041 | _aEnglish | ||
| 100 | _aVictor Malyshkin | ||
| 245 | 0 | _aParallel Computing Technologies | |
| 260 |
_c2007 _bSpringer US _aNew York |
||
| 440 | _aLecture Notes in Computer Science | ||
| 650 | _aComputer Science | ||
| 650 | _aSoftware Engineering/Programming and Operating Systems; Computer Systems Organization and Communication Networks; Computation by Abstract Devices; Algorithm Analysis and Problem Complexity; Simulation and Modeling | ||
| 942 | _cEB | ||
| 999 |
_c222157 _d222157 |
||